书目信息 |
| 题名: |
过去的课堂
|
|
| 作者: | 王木春 主编 | |
| 分册: | ||
| 出版信息: | 上海 华东师范大学出版社 2016 |
|
| 页数: | 245页 | |
| 开本: | 23cm | |
| 丛书名: | ||
| 单 册: | ||
| 中图分类: | G529.6 | |
| 科图分类: | ||
| 主题词: | 课堂教学--教育史--中国--民国 | |
| 电子资源: | ||
| ISBN: | 978-7-5675-4532-8 | |
| 000 | 01220nam0 2200265 450 | |
| 001 | 351517 | |
| 005 | 20161017111259.33 | |
| 010 | @a978-7-5675-4532-8@dCNY35.00 | |
| 100 | @a20160721d2016 em y0chiy50 ea | |
| 101 | 0 | @achi |
| 102 | @aCN@b310000 | |
| 105 | @ay z 000yy | |
| 106 | @ar | |
| 200 | 1 | @a过去的课堂@e民国名家的教育回忆@f王木春主编 |
| 210 | @a上海@c华东师范大学出版社@d2016 | |
| 215 | @a245页@d23cm | |
| 255 | 2 | @a大夏书系@i名家经典@v1 |
| 314 | @a王木春,福建省特级教师,首批福建省中小学教学名师。长期从事教育随笔写作。近年致力于民国教育文献的研究和编撰。著有《身为教师——一个特级教师的反思》,主编《为幸福的人生——民国名家对话中小学生》《民国名家谈作文之道》等。现为福建省漳州市东山一中语文教师。 | |
| 330 | @a本书收入了50多位民国名家笔下精彩的课堂回忆,共分为小学课堂、中学课堂、大学课堂三个部分。除了传统的私塾课堂外,还涵盖了对外语、数学、物理、化学、国文等各个学科的精彩课堂教学的回忆。在一个个名家的笔下,一堂堂精彩的课,背后站着的是一个个鲜活的教师,流淌于其中的是永恒的教育精神血脉。 | |
| 517 | 1 | @a民国名家的教育回忆 |
| 606 | 0 | @a课堂教学@x教育史@y中国@z民国 |
| 690 | @aG529.6@v5 | |
| 701 | 0 | @a王木春@4主编 |
| 801 | 0 | @aCN@bTANGWEI@c20160820 |
| 905 | @b0895075-9@dG529.6@e213@f5 | |
| 过去的课堂:民国名家的教育回忆/王木春主编.-上海:华东师范大学出版社,2016 |
| 245页;23cm |
| ISBN 978-7-5675-4532-8:CNY35.00 |
| 本书收入了50多位民国名家笔下精彩的课堂回忆,共分为小学课堂、中学课堂、大学课堂三个部分。除了传统的私塾课堂外,还涵盖了对外语、数学、物理、化学、国文等各个学科的精彩课堂教学的回忆。在一个个名家的笔下,一堂堂精彩的课,背后站着的是一个个鲜活的教师,流淌于其中的是永恒的教育精神血脉。 |
| ● |
| 相关链接 |
|
|
|
|
正题名:过去的课堂
索取号:G529.6/213
 
预约/预借
| 序号 | 登录号 | 条形码 | 馆藏地/架位号 | 状态 | 备注 |
| 1 | 0895075 | 208950759 | 第一样本阅览室/ [索取号:G529.6/213] | 在馆 | |
| 2 | 0895076 | 208950768 | 第四借阅区/ [索取号:G529.6/213] | 在馆 | |
| 3 | 0895077 | 208950777 | 第四借阅区/ [索取号:G529.6/213] | 在馆 | |
| 4 | 0895078 | 208950786 | 第四借阅区/ [索取号:G529.6/213] | 在馆 | |
| 5 | 0895079 | 208950795 | 第四借阅区/ [索取号:G529.6/213] | 在馆 |